000 01635cam a2200313 i 4500
999 _c64750
_d64750
001 913557668
003 CO-MdFUSB
005 20190202100249.0
008 151108t2016 miu g b 001 0 eng
010 _a2015043722
020 _a9780801048944
_q(pbk.)
020 _a080104894X
_q(pbk.)
040 _aDLC
_bspa
_erda
_cCO-MdFUSB
_dCO-MdFUSB
_dBDX
_dBTCTA
_dOCLCO
_dOCLCF
_dOCLCQ
_dKAT
_dUtOrBLW
041 _aeng
082 _224
_aG 230.42
_bC555c
245 1 0 _aChristian dogmatics
_b: reformed theology for the church catholic
_c/ editado por Michael Allen & Scott R. Swain.
264 1 _aGrand Rapids, MI :
_bBaker Academic,
_c℗[2016]
264 4 _c©2016
300 _a408 páginas ;
_c23 cm.
336 _2rdacontent.
_atexto
_btxt
337 _2rdamedia.
_asin mediación
_bn
338 _2rdacarrier.
_avolumen
_bnc
501 _aIncluye índice (páginas 395- 408)
505 _aConocimiento de Dios / Michael Allen -- Sagrada Escritura / Kevin J. Vanhoozer -- Atributos divinos / Michael Allen -- Trinidad divina / Scott R. Swain -- Alianza de redención / Scott R. Swain -- Creación de la nada / John Webster -- Providence / John Webster -- Antropología / Kelly M. Kapic -- Pecado / Oliver D. Crisp -- Encarnación / Daniel J. Treier -- La obra de Cristo cumplida / Donald Macleod -- La obra de Cristo aplicado / Richard Gaffin -- La Ley de Dios y la ética cristiana / Paul T. Nimmo -- La Iglesia / Michael Horton -- Sacramentos / Todd Billings -- Reino de Dios / Michael Horton
650 7 _aTeología doctrinal
_2
_9179
700 1 _aAllen, Michael,
_d1981-
_eeditor.
942 _cBK